What Region is That Pokémon From? - Click Quiz - Statistics

General Stats
  • This quiz has been taken 137 times
  • The average score is 20 of 27
Answer Stats
Hint Answer % Correct
Flareon Kanto
84%
Treecko Hoenn
83%
Tangela Kanto
83%
Luxray Sinnoh
81%
Fraxure Unova
78%
Torracat Alola
77%
Hypno Kanto
77%
Glimmet Paldea
76%
Goodra Kalos
75%
Mareanie Alola
74%
Tinkatuff Paldea
74%
Lucario Sinnoh
74%
Herdier Unova
74%
Marill Johto
73%
Dedenne Kalos
73%
Nymble Paldea
73%
Cresselia Sinnoh
73%
Intelleon Galar
72%
Teddiursa Johto
71%
Quilladin Kalos
69%
Indeedee Galar
67%
Tympole Unova
67%
Arrokuda Galar
66%
Barboach Hoenn
65%
Piloswine Johto
65%
Chimecho Hoenn
57%
Magearna Alola
56%
No matching quizzes found
Score Distribution
Percent of People with Each Score
Percentile by Number Answered
Your Score History
You have not taken this quiz